000 00866nam a22002057a 4500
999 _c10523
_d10523
003 AR-CdUCM
008 190401b ||||| |||| 00| 0 spa d
040 _aMUNICIPALIDAD PROVINCIAL DEL CUSCO
_cBIBLIOTECA MUNICIPAL DEL CUSCO
082 _a985.063 /
_bD31 / 1928
100 _aDávalos y Lissón, Pedro
_927440
245 _aLeguía, 1875-1899 :
_bcontribución al estudio de la historia contemporánea de la América Latina /
260 _aBarcelona :
_bMontaner y Simón,
_c1928.
300 _a240 páginas ;
_bretrato,
_c24 cm.
505 _aContenido: Periodo pre-guerra en sus últimos días -- La guerra -- Andrés Avelino Cáceres -- Juventud de Leguía -- Remigio Morales Bermúdez -- Nicolás de Piérola.
650 _aHistoria
_9136
650 _aGuerra del Pacífico
_92237
650 _aAmérica Latina
_91130
942 _2ddc
_cLIBROS
945 _aachl